Statistics for Element Namesakes

Click here to take the quiz!

General Stats

  • This quiz has been taken 62 times
  • The average score is 39 of 67

Answer Stats

Atomic NumberElementNamesake% Correct
99EinsteiniumAlbert Einstein
96%
102NobeliumAlfred Nobel
94%
93NeptuniumNeptune
94%
94PlutoniumPluto
94%
92UraniumUranus
94%
104RutherfordiumErnest Rutherford
92%
87FranciumFrance
92%
31GalliumFrance
92%
32GermaniumGermany
92%
49IndiumIndia
92%
96CuriumMarie Curie/Pierre Curie
92%
98CaliforniumCalifornia
90%
84PoloniumPoland
90%
22TitaniumTitans
90%
103LawrenciumErnest O. Lawrence
88%
106SeaborgiumGlenn T. Seaborg
88%
115MoscoviumMoscow
88%
112CoperniciumNicolaus Copernicus
88%
107BohriumNiels Bohr
88%
95AmericiumAmerica
86%
111RoentgeniumWilhelm Conrad Röntgen
86%
2HeliumSun
84%
117TennessineTennessee
84%
61PromethiumPrometheus
82%
100FermiumEnrico Fermi
80%
63EuropiumEuropa
80%
109MeitneriumLise Meitner
80%
80MercuryMercury
80%
69ThuliumScandinavia
80%
21ScandiumScandinavia
80%
90ThoriumThor
76%
113NihoniumJapan
70%
97BerkeliumUniversity of California, Berkeley
68%
116LivermoriumLawrence Livermore National Laboratory
64%
58CeriumCeres
62%
34SeleniumMoon
62%
110DarmstadtiumDarmstadt
60%
73TantalumTantalus
58%
77IridiumIris
44%
29CopperCyprus
42%
64GadoliniumJohan Gadolin
42%
15PhosphorusVenus
42%
75RheniumRhine
40%
39YttriumYtterby
38%
65TerbiumYtterby
38%
70YtterbiumYtterby
38%
68ErbiumYtterby
38%
52TelluriumEarth
36%
71LuthetiumParis
34%
108HassiumHesse
32%
46PalladiumPallas Athena
32%
44RutheniumKievan Rus'
30%
41NiobiumNiobe
28%
67HolmiumStockholm
26%
101MendeleviumDmitri Mendeleyev
24%
105DubniumDubna
20%
72HafniumCopenhagen
16%
12MagnesiumMagnesia
14%
25ManganeseMagnesia
14%
27CobaltKobolds
12%
118OganessonYuri Oganessian
10%
38StrontiumStrontian
8%
4BerylliumBelur
4%
114FleroviumGeorgy Flyorov
4%
23VanadiumVanir
4%
48CadmiumKelmis
2%
62SamariumVasili Samarsky-Bykhovets
2%

Score Distribution

Percentile by Number Answered

Percent of People with Each Score

Your Score History

You have not taken this quiz